Library Banner

Hazrat Khawaja Mir Durd Dehlavi = حضرت خواجہ میر درد دہلوی : (Record no. 129215)

MARC details
000 -LEADER
fixed length control field 00561nam a22001337a 4500
005 - DATE AND TIME OF LATEST TRANSACTION
control field 20221024111357.0
008 - FIXED-LENGTH DATA ELEMENTS--GENERAL INFORMATION
fixed length control field 221024b ||||| |||| 00| 0 eng d
040 ## - CATALOGING SOURCE
Transcribing agency PK-LaUMT
082 ## - DEWEY DECIMAL CLASSIFICATION NUMBER
Classification number APC 297.4092
Item number HAZ-
245 ## - TITLE STATEMENT
Title Hazrat Khawaja Mir Durd Dehlavi = حضرت خواجہ میر درد دہلوی :
Remainder of title aik nabgah naqashbandi buzurg = ایک نابغہ نقشبندی بزرگ /
Statement of responsibility, etc compiled by Sardar Ali Ahmad Khan = مرتب: سردار علی احمد خاں
260 ## - PUBLICATION, DISTRIBUTION, ETC. (IMPRINT)
Place of publication, distribution, etc Lahore :
Name of publisher, distributor, etc Anjuman Bahbood Ziareen Pakistan,
Date of publication, distribution, etc NA
300 ## - PHYSICAL DESCRIPTION
Extent 127 p.
942 ## - ADDED ENTRY ELEMENTS (KOHA)
Koha item type Books
Holdings
Withdrawn status Lost status Damaged status Home library Current library Date acquired Full call number Barcode Date last seen Price effective from Koha item type
      UMT Main Campus UMT Main Campus 2022-10-24 APC 297.4092 HAZ- 143596 2022-10-24 2022-10-24 Books